| 000 | 00399nam a2200157Ia 4500 | ||
|---|---|---|---|
| 008 | 230917s9999||||xx |||||||||||||| ||und|| | ||
| 040 |
_e80095 _aMAIN |
||
| 041 | _aEnglish | ||
| 082 | _a340.942 J137M | ||
| 100 | _aJackson, R M | ||
| 245 | 0 | _aMachinery of justice in England | |
| 250 | _a7th ed. | ||
| 260 |
_aCambridge _bCmbridge University Press _c1979 |
||
| 300 | _axii, 627 p. | ||
| 942 | _cBK | ||
| 999 |
_c203904 _d203904 |
||